<?xml version="1.0" encoding="UTF-8"?>
<record
    xmlns:xsi="http://www.w3.org/2001/XMLSchema-instance"
    xsi:schemaLocation="http://www.loc.gov/MARC21/slim http://www.loc.gov/standards/marcxml/schema/MARC21slim.xsd"
    xmlns="http://www.loc.gov/MARC21/slim">

  <leader>01682nam a22002057a 4500</leader>
  <controlfield tag="005">20240309110407.0</controlfield>
  <controlfield tag="008">240305b           ||||| |||| 00| 0 eng d</controlfield>
  <datafield tag="020" ind1=" " ind2=" ">
    <subfield code="a">9781032488752</subfield>
  </datafield>
  <datafield tag="040" ind1=" " ind2=" ">
    <subfield code="c">AL</subfield>
  </datafield>
  <datafield tag="041" ind1=" " ind2=" ">
    <subfield code="a">eng</subfield>
  </datafield>
  <datafield tag="082" ind1=" " ind2=" ">
    <subfield code="2">23</subfield>
    <subfield code="a">070.5</subfield>
    <subfield code="b">FUCM</subfield>
  </datafield>
  <datafield tag="100" ind1=" " ind2=" ">
    <subfield code="a">Christian Fuchs</subfield>
    <subfield code="9">152841</subfield>
  </datafield>
  <datafield tag="245" ind1=" " ind2=" ">
    <subfield code="a">Media economy and society</subfield>
    <subfield code="b">: a critical introduction </subfield>
  </datafield>
  <datafield tag="260" ind1=" " ind2=" ">
    <subfield code="a">London</subfield>
    <subfield code="b">Routledge Taylor and Francis Group</subfield>
    <subfield code="c">2024</subfield>
  </datafield>
  <datafield tag="300" ind1=" " ind2=" ">
    <subfield code="a">vi,459p.</subfield>
    <subfield code="b">PB</subfield>
    <subfield code="c">23x25cm.</subfield>
  </datafield>
  <datafield tag="365" ind1=" " ind2=" ">
    <subfield code="2">General</subfield>
    <subfield code="a">7739</subfield>
    <subfield code="b">&#x20B9;2892.00</subfield>
    <subfield code="c">&#x20B9;</subfield>
    <subfield code="d">&#x20B9;3855.90</subfield>
    <subfield code="e">25%</subfield>
    <subfield code="f">15/02/2024</subfield>
  </datafield>
  <datafield tag="520" ind1=" " ind2=" ">
    <subfield code="a">This essential guide to the critical study of the media economy in society teaches students how to critically analyse the political economy of communication and the media.The book introduces a variety of methods and topics, including the political economy of communication in capitalism, the political economy of media concentration, the political economy of advertising, the political economy of global media and transnational media corporations, class relations and working conditions in the capitalist media and communication industry, the political economy of the Internet and digital media, the information society and digital capitalism, the public sphere, Public Service Media, the Public Service Internet, and the political economy of media management.This will be an ideal textbook for a variety of courses relating to media and communication, including Media Economics; Political Economy of Communication; Media, Culture, and Society; Critical Media and Communication Studies; Media Sociology; Media Management; and Media Business Studies.</subfield>
  </datafield>
  <datafield tag="650" ind1=" " ind2=" ">
    <subfield code="2">Journalism And Publishing</subfield>
    <subfield code="a">Publishing</subfield>
    <subfield code="9">152842</subfield>
  </datafield>
  <datafield tag="942" ind1=" " ind2=" ">
    <subfield code="2">ddc</subfield>
    <subfield code="c">BK</subfield>
  </datafield>
  <datafield tag="999" ind1=" " ind2=" ">
    <subfield code="c">230029</subfield>
    <subfield code="d">230029</subfield>
  </datafield>
  <datafield tag="952" ind1=" " ind2=" ">
    <subfield code="0">0</subfield>
    <subfield code="1">0</subfield>
    <subfield code="2">ddc</subfield>
    <subfield code="4">0</subfield>
    <subfield code="7">0</subfield>
    <subfield code="8">MAJMC</subfield>
    <subfield code="a">SACPG</subfield>
    <subfield code="b">SACPG</subfield>
    <subfield code="d">2024-02-22</subfield>
    <subfield code="e">Biblios Book Point</subfield>
    <subfield code="g">2892.00</subfield>
    <subfield code="l">0</subfield>
    <subfield code="o">070.5 FUCM</subfield>
    <subfield code="p">PG024628</subfield>
    <subfield code="r">2024-03-05 00:00:00</subfield>
    <subfield code="v">3855.90</subfield>
    <subfield code="w">2024-03-05</subfield>
    <subfield code="y">BK</subfield>
  </datafield>
</record>
